Teen health course 1 / (Record no. 8243)

MARC details
000 -LEADER
fixed length control field 00827nam a22002412 4500
001 - CONTROL NUMBER
control field 0000012606
005 - DATE AND TIME OF LATEST TRANSACTION
control field 20151217152110.0
008 - FIXED-LENGTH DATA ELEMENTS--GENERAL INFORMATION
fixed length control field 090223s xx 000 0 eng d
020 ## - INTERNATIONAL STANDARD BOOK NUMBER
International Standard Book Number 0078650917 :
040 ## - CATALOGING SOURCE
Original cataloging agency KABU
Transcribing agency KABU
100 1# - MAIN ENTRY--PERSONAL NAME
Personal name Bronson, Mary H.
-- 0000169480
245 10 - TITLE STATEMENT
Title Teen health course 1 /
Statement of responsibility, etc. Mary H. Bronson, Michael J. Cleary, Betty M. Hubbard.
250 ## - EDITION STATEMENT
Edition statement Teacher Wraparound ed.
260 ## - PUBLICATION, DISTRIBUTION, ETC. (IMPRINT)
Place of publication, distribution, etc. New York :
Name of publisher, distributor, etc. Glencoe,
Date of publication, distribution, etc. 2005.
300 ## - PHYSICAL DESCRIPTION
Extent 1v. (various pagings) ;
Dimensions cm.
650 #0 - SUBJECT ADDED ENTRY--TOPICAL TERM
Topical term or geographic name as entry element Teenagers
General subdivision Health and hygiene.
-- 0000167886
700 1# - ADDED ENTRY--PERSONAL NAME
Personal name Cleary, Michael J.
-- 0000169481
700 1# - ADDED ENTRY--PERSONAL NAME
Personal name Hubbard, Betty M.
-- 0000169482
852 1# - LOCATION
-- p500 KES
852 1# - LOCATION
-- p500 KES
908 ## - PUT COMMAND PARAMETER (RLIN)
Put command parameter 090223
950 ## - LOCAL HOLDINGS (RLIN)
-- 1
Holdings
Withdrawn status Lost status Source of classification or shelving scheme Not for loan Home library Current library Date acquired Total Checkouts Full call number Barcode Date last seen Date last checked out Price effective from Koha item type
    Library of Congress Classification   Kabarak, Main Campus Kabarak, Main Campus 17/12/2015 1 RA777 .B76 2005 Bk. 1 c. 1 16777 11/07/2019 05/07/2019 17/12/2015 General Collection
    Library of Congress Classification   Kabarak, Main Campus Kabarak, Main Campus 17/12/2015   RA777 .B76 2005 Bk. 1 c. 2 16778 17/12/2015   17/12/2015 General Collection
Designed with assistance from East African Informatics Ltd